Normal view
MARC view
- Agency (Law)
Entry Topical Term
001 - CONTROL NUMBER
- control field: 126929
003 - CONTROL NUMBER IDENTIFIER
- control field: NUST
005 - DATE AND TIME OF LATEST TRANSACTION
- control field: 20241114124119.0
008 - FIXED-LENGTH DATA ELEMENTS
- fixed length control field: 241114|| aca||aabn | a|a d
040 ## - CATALOGING SOURCE
- Original cataloging agency: NUST
- Transcribing agency: NUST
150 ## - HEADING--TOPICAL TERM
- Topical term or geographic name entry element: Agency (Law)
670 ## - SOURCE DATA FOUND
- Source citation: Work cat.: (NUST)586590: Beatson, J., author. 83421, Anson's law of contract /, 2020
